000 00333nam a2200157Ia 4500
100 _aSeborg/ Dale E
250 _a3
942 _cBK
654 _aProcess
245 _aProcess Dynamics & Control
260 _bJohn Wiley
_aNew Delhi
_c1989
082 _a660.2815
_bSEB/ED
300 _a717
546 _aENGLISH
999 _c30974
_d30974